Qué es el hombre?

সংরক্ষণ করুন:
গ্রন্থ-পঞ্জীর বিবরন
প্রধান লেখক: Buber, Martín
বিন্যাস: গ্রন্থ
ভাষা:স্প্যানিশ
প্রকাশিত: Ciudad de México, México Fondo de Cultura Económica 1949
মালা:Breviarios del fondo de Cultura Económica. 10
বিষয়গুলি:
ট্যাগগুলো: ট্যাগ যুক্ত করুন
কোনো ট্যাগ নেই, প্রথমজন হিসাবে ট্যাগ করুন!

MARC

LEADER 00000cam a2200000 a 4500
001 UCZ6621
003 CL-VaPUC
005 20250108094708.0
008 951211e19490000MX |||||||||||||||||spa|d
999 |c 242815  |d 242813 
040 |c Pontificia Universidad Católica de Valparaíso 
082 0 4 |a 144 BUB 1949  |2 21 
100 0 |a Buber, Martín  |9 348708 
245 1 0 |a Qué es el hombre? 
260 0 3 |a Ciudad de México, México  |b Fondo de Cultura Económica  |c 1949 
300 |a 151 páginas 
490 0 |a Breviarios del fondo de Cultura Económica.  |v 10 
583 |a last modification  |c 20150903 12:11:43  |k Rodrigo Vera 
650 0 |a Antropología   |9 233030 
650 0 |a Filosofía   |9 223554 
650 0 |a Humanismo  |9 256530 
650 0 |a Naturaleza humana   |9 308593 
650 0 |a Escuelas filosóficas   |9 266232 
942 |c BK  |2 ddc 
945 |d 19951211 00:00:00  |a lriquelm 
952 |0 0  |1 0  |2 ddc  |4 0  |6 144_000000000000000_BUB_1949  |7 0  |8 A  |9 256028  |a BIBEDU  |b BIBEDU  |d 2019-11-19  |i 1605666  |l 1  |o 144 BUB 1949  |p 1605666  |r 2025-05-02  |s 2025-04-03  |t 3  |w 2019-11-19  |y BK  |k EDU 
952 |0 0  |1 0  |2 ddc  |3 erb  |4 0  |6 144_000000000000000_BUB_1949  |7 0  |8 A  |9 256029  |a BIBEDU  |b BIBEDU  |i 5196884  |l 5  |m 1  |o 144 BUB 1949  |p 5196884  |r 2024-07-31  |s 2024-07-02  |t 2  |w 2019-11-19  |y BK  |z Catalogado en:20150904  |k FIL 
952 |0 0  |1 0  |2 ddc  |3 erb  |4 0  |6 144_000000000000000_BUB_1949  |7 0  |8 A  |9 256030  |a BIBTEO  |b BIBTEO  |e Villagrán Garnham, Jorge  |i 5301971  |o 144 BUB 1949  |p 5301971  |r 2025-01-17  |t 1  |w 2019-11-19  |y BK  |z Catalogado en:20160505  |k ICR